[Event "Hampstead U2200 Feb 2013"]
[Site "Hampstead, London"]
[Date "2013.02.17"]
[Round "4"]
[White "Cohen, Meytal"]
[Black "Parry, Jacques"]
[Result "0-1"]
[WhiteElo "1346"]
[BlackElo "1784"]
[EventType "swiss"]
[EventRounds "5"]

1. e4 c5 2. d4 cxd4 3. c3 Nf6 4. cxd4 Nxe4 5. Bd3 d5 6. Bb5+ Nc6 7. Nf3 Qa5+
8. Nc3 Nxc3 9. Bxc6+ bxc6 10. Qd2 e6 11. bxc3 Ba6 12. Rb1 Bd6 13. Ne5 Rc8 14.
Rb3 f6 15. Nd3 Bxd3 16. Qxd3 Qxa2 17. Rb7 O-O 18. O-O Rc7 19. Rb2 Qc4 20. Qe3
e5 21. Qg3 Rd7 22. Qg4 Re7 23. Re1 f5 24. Qg3 f4 25. Qf3 e4 26. Qe2 Qxc3 27.
Rc2 Qd3 28. Rxc6 Qxe2 29. Rxe2 Rc7 30. Rxc7 Bxc7 31. Ra2 Bb6 32. Ra4 g5 33.
Ba3 Rc8 34. h3 Rc4 35. Rxc4 dxc4 36. Bb2 Kf7 37. Kf1 Ke6 38. Ke2 Kd5 39. f3 e3
40. Ba3 Kxd4 41. Be7 h6 42. Bf8 c3 43. Kd1 Kd3 44. g4 e2+ 45. Ke1 c2 46. Ba3
Ba5+ 47. Kf2 e1=Q+ 48. Kg2 Bb6 49. Bc5 Bxc5 50. h4 Qg1+ 51. Kh3 Qg3# 0-1

[Event "Hampstead U2200 Feb 2013"]
[Site "Hampstead, London"]
[Date "2013.02.17"]
[Round "4"]
[White "Ungaro, Fabio"]
[Black "Herschmann, Heinz"]
[Result "1-0"]
[WhiteElo "1700"]
[BlackElo "1362"]
[EventType "swiss"]
[EventRounds "5"]

1. e4 e5 2. Nf3 d6 3. d4 exd4 4. Nxd4 Nf6 5. Nc3 Bd7 6. Bc4 Nc6 7. O-O Ne5 8.
Bb3 Be7 9. h3 h6 10. f4 Nc6 11. Re1 O-O 12. e5 Nh7 13. e6 Nxd4 14. Qxd4 Bxe6
15. Bxe6 fxe6 16. Rxe6 Bf6 17. Qe3 Re8 18. Bd2 Rxe6 19. Qxe6+ Kh8 20. Re1 Nf8
21. Qe3 c5 22. Qe4 Rb8 23. b3 Bd4+ 24. Kh1 Qf6 25. Nd5 Qg6 26. f5 Qf7 27. Bf4
Rd8 28. Qe7 Rd7 29. Qxf7 Rxf7 30. g4 Nd7 31. Bxd6 Nf6 32. Nxf6 gxf6 33. c4 Rd7
34. Re8+ Kg7 35. Re7+ Rxe7 36. Bxe7 Kf7 37. Bd6 a6 38. Kg2 b5 39. Kf3 Ke8 40.
Ke4 Kd7 41. Kd5 bxc4 42. bxc4 Be3 43. Bxc5 Bf4 44. Bf8 Ke8 45. Bd6 Bd2 46. Kc6
Kd8 47. Kb7 a5 48. c5 Kd7 49. Bh2 Be3 50. c6+ {#r} 1-0

[Event "Hampstead U2200 Feb 2013"]
[Site "Hampstead, London"]
[Date "2013.02.17"]
[Round "4"]
[White "Garland Hoff, Florian"]
[Black "Zhou, Yang Jian"]
[Result "0-1"]
[WhiteElo "1658"]
[BlackElo "1918"]
[EventType "swiss"]
[EventRounds "5"]

1. e4 c5 2. Nc3 g6 3. f4 Bg7 4. Nf3 Nc6 5. Bc4 e6 6. O-O Nge7 7. Qe1 O-O 8.
Qh4 d5 9. f5 Bxc3 10. dxc3 exf5 11. Bg5 dxc4 12. Rad1 Qc7 13. Bf6 fxe4 14. Ne5
h5 15. Qg5 Kh7 16. g4 Rg8 17. Nxf7 Nf5 18. Nd6 Nxd6 19. Be5 Nxe5 20. Qxe5 Bxg4
21. Qxd6 Qxd6 22. Rxd6 Rgf8 23. Rff6 Rxf6 24. Rxf6 Kg7 25. Rf4 Re8 26. h4 e3
27. Kf1 e2+ 28. Ke1 Rd8 29. Rxg4 hxg4 30. Kxe2 Rh8 31. Kf2 Rxh4 32. Kg3 g5 33.
b3 cxb3 34. axb3 b5 35. b4 c4 36. Kg2 Rh3 37. Kf2 Rxc3 38. Kg2 Rxc2+ 39. Kg3
c3 40. Kxg4 Rg2+ 41. Kf5 c2 42. Ke4 c1=Q 43. Kd5 Qc4+ 44. Kd6 Rd2+ 45. Ke5
Qf4+ 46. Ke6 Qf6# 0-1

[Event "Hampstead U2200 Feb 2013"]
[Site "Hampstead, London"]
[Date "2013.02.17"]
[Round "4"]
[White "Sloan, Cecil"]
[Black "Brozel, Sacha"]
[Result "1/2-1/2"]
[WhiteElo "1762"]
[BlackElo "1706"]
[EventType "swiss"]
[EventRounds "5"]

1. e4 c5 2. Nc3 g6 3. f4 Bg7 4. Nf3 e6 5. e5 Ne7 6. Ne4 Nf5 7. Nxc5 Qa5 8. Nb3
Qb4 9. Qe2 Qxf4 10. d4 Qg4 11. Bd2 Nc6 12. O-O-O b6 13. Qf2 Nce7 14. Be2 Bb7
15. Rhg1 Qe4 16. Bd3 Qc6 17. Ng5 h6 18. Nxf7 Kxf7 19. g4 Qf3 20. Rdf1 Qxf2 21.
Rxf2 h5 22. gxf5 gxf5 {#d} 1/2-1/2

[Event "Hampstead U2200 Feb 2013"]
[Site "Hampstead, London"]
[Date "2013.02.17"]
[Round "4"]
[White "Hung, Dylan"]
[Black "Klingher, Dominic"]
[Result "0-1"]
[WhiteElo "1490"]
[BlackElo "1642"]
[EventType "swiss"]
[EventRounds "5"]

1. c4 e5 2. Nc3 Bc5 3. g3 Nf6 4. e3 c6 5. Bg2 d6 6. Nge2 O-O 7. O-O Be6 8. d3
Qd7 9. d4 exd4 10. exd4 Bb6 11. b3 Na6 12. a3 Nc7 13. Bg5 Nce8 14. a4 a5 15.
Ne4 Nxe4 16. Bxe4 h6 17. Be3 Nf6 18. Bc2 Bh3 19. Re1 d5 20. c5 Bc7 21. Qd2 Ng4
22. Nf4 Nxe3 23. Qxe3 Bf5 24. Bxf5 Qxf5 25. Qd3 Qg5 26. Ng2 Rfe8 27. f4 Qf6
28. Re2 b6 29. Rae1 Rxe2 30. Rxe2 bxc5 31. dxc5 Qa1+ 32. Ne1 Qa3 33. Nc2 Qxc5+
34. Kg2 Bb6 35. Kf3 d4 36. Ne1 Qd5+ 37. Kf2 Qh1 38. Nf3 Qa1 39. Re4 Qb2+ 40.
Kf1 Qc1+ 41. Kg2 Qb2+ 42. Kh3 Qa3 43. Qc4 Qd6 44. Nxd4 Rc8 45. Nb5 Qd7+ 46. g4
cxb5 47. Qxb5 Qxb5 48. axb5 Rc3+ 49. Kg2 Rxb3 50. Re5 a4 51. Kf1 a3 52. Re2
Rb1+ 53. Kg2 Rb2 54. Rxb2 axb2 55. h4 b1=Q 56. g5 Qc2+ 57. Kf3 Qd3+ 58. Kg4
f5+ 59. Kh5 hxg5 60. hxg5 Qh3+ 61. Kg6 Qh7# 0-1

[Event "Hampstead U2200 Feb 2013"]
[Site "Hampstead, London"]
[Date "2013.02.17"]
[Round "5"]
[White "Willmoth, Robert"]
[Black "Jyothilal, Narayanan"]
[Result "1/2-1/2"]
[WhiteElo "2151"]
[BlackElo "2054"]
[EventType "swiss"]
[EventRounds "5"]

1. Nf3 Nf6 2. b3 g6 3. Bb2 Bg7 4. e4 d6 5. g3 O-O 6. Qe2 Nbd7 7. Bg2 c6 8. O-O
Qc7 9. d4 e5 10. dxe5 dxe5 11. Nbd2 Re8 12. Rfd1 Bf8 13. Rac1 Nc5 14. h3 b6
15. Ne1 Bh6 16. f4 Ncd7 17. f5 b5 18. g4 Qb6+ 19. Kh1 Bf4 20. Nd3 Be3 21. Re1
Bh6 22. Rcd1 Bb7 23. h4 Bf8 24. Bf3 gxf5 25. gxf5 Kh8 26. c4 a6 27. b4 c5 28.
bxc5 Bxc5 29. Nxc5 Nxc5 30. Qe3 Nfd7 31. Re2 Qf6 32. Qg5 Nd3 33. Nb3 bxc4 34.
Na5 Qxg5 35. hxg5 N7c5 36. Nxc4 Nxb2 37. Nxb2 Rad8 38. Rc1 Nd3 39. Rc7 Nxb2
40. Rxb2 Ba8 41. Rxf7 Kg8 42. Ra7 Rd3 43. Kg2 Rd4 44. f6 Red8 45. Rg7+ Kh8 46.
Kg3 Rd2 47. Rb1 R2d3 48. Kg4 h5+ {#d} 1/2-1/2

[Event "Hampstead U2200 Feb 2013"]
[Site "Hampstead, London"]
[Date "2013.02.17"]
[Round "5"]
[White "Jaunooby, Ali R"]
[Black "Senior, Gary"]
[Result "0-1"]
[WhiteElo "2189"]
[BlackElo "2086"]
[EventType "swiss"]
[EventRounds "5"]

1. d4 e6 2. c4 f5 3. h3 b6 4. g4 Bb7 5. d5 Bc5 6. Nf3 Nf6 7. Nc3 Ne4 8. e3
Nxc3 9. bxc3 Qf6 10. gxf5 O-O 11. e4 exd5 12. cxd5 Re8 13. e5 Rxe5+ 14. Nxe5
Qxe5+ 15. Be2 Bxd5 16. Rg1 Nc6 17. Qd3 Ne7 18. Rg5 Bc6 19. Qg3 Qf6 20. Bc4+
Kh8 21. Qd3 Rf8 22. Bd2 Nxf5 23. O-O-O Nd6 24. Rdg1 Ba3+ 25. Kd1 Ne4 26. Be3
Nxg5 27. Rxg5 Bc5 28. h4 Bxe3 29. fxe3 Qf3+ 30. Kc1 Qh1+ 31. Kb2 Qxh4 32. Re5
Qh2+ {#R} 0-1

[Event "Hampstead U2200 Feb 2013"]
[Site "Hampstead, London"]
[Date "2013.02.17"]
[Round "5"]
[White "Williamson, Roger"]
[Black "Botteley, Michael"]
[Result "1-0"]
[WhiteElo "2152"]
[BlackElo "1986"]
[EventType "swiss"]
[EventRounds "5"]

1. e4 c5 2. Nf3 Nc6 3. d4 cxd4 4. Nxd4 Nf6 5. Nc3 d6 6. h3 e5 7. Nde2 Be6 8.
g4 d5 9. exd5 Nxd5 10. Bg2 Bb4 11. O-O Nxc3 12. Nxc3 O-O 13. Nd5 Bc5 14. Be3
Bxe3 15. fxe3 Qg5 16. Qe2 Rac8 17. Nc3 f5 18. gxf5 Bxf5 19. Kh2 Qh4 20. a3 g5
21. Qf2 Qxf2 22. Rxf2 Bg6 23. Raf1 Rxf2 24. Rxf2 Kg7 25. Ne4 Bxe4 26. Bxe4 Rd8
27. Kg3 Rd6 28. Rf5 h6 29. h4 gxh4+ 30. Kxh4 Rf6 31. Rxf6 Kxf6 32. Bxc6 bxc6
33. e4 a5 34. b4 axb4 35. axb4 c5 36. b5 Ke6 37. c4 {#r} 1-0

[Event "Hampstead U2200 Feb 2013"]
[Site "Hampstead, London"]
[Date "2013.02.17"]
[Round "5"]
[White "Hayward, Alan"]
[Black "Villiers, Thomas"]
[Result "1-0"]
[WhiteElo "1925"]
[BlackElo "2004"]
[EventType "swiss"]
[EventRounds "5"]

1. d4 Nf6 2. Nc3 g6 3. e4 d5 4. e5 Ng8 5. Bd3 Bg7 6. Nf3 Bg4 7. h3 Bxf3 8.
Qxf3 e6 9. O-O a6 10. Ne2 c5 11. c3 Nc6 12. Qg3 cxd4 13. cxd4 Qb6 14. Be3 Nb4
15. Bb1 Ne7 16. a3 Nbc6 17. Bd3 Na5 18. b4 Nc4 19. Bxc4 Nf5 20. Qf4 dxc4 21.
d5 Nxe3 22. fxe3 O-O 23. Nc3 f6 24. Na4 Qa7 25. dxe6 fxe5 26. Qe4 Rf4 27. Rxf4
exf4 28. Re1 fxe3 29. Nc5 b6 30. Nd7 b5 31. Nc5 Re8 32. Rxe3 Bf8 33. Qd5 Be7
34. Rf3 Qb6 35. Kh1 Rd8 36. Nd7 Qd6 37. Qxd6 Bxd6 38. Rf7 Be5 39. Nxe5 Rd1+
40. Kh2 Re1 41. e7 Rxe5 42. Rf8+ Kg7 43. e8=Q Rxe8 44. Rxe8 Kf6 45. Kg3 Kf5
46. Kf3 h5 47. Rc8 Ke5 48. Ke3 Kf5 49. Rc6 g5 50. Rxa6 g4 51. Rb6 gxh3 52.
gxh3 Kg5 53. Rxb5+ Kh4 54. Kd4 {#r} 1-0

[Event "Hampstead U2200 Feb 2013"]
[Site "Hampstead, London"]
[Date "2013.02.17"]
[Round "5"]
[White "McCabe, Shane"]
[Black "Duncan, Patrick"]
[Result "0-1"]
[WhiteElo "1890"]
[BlackElo "2078"]
[EventType "swiss"]
[EventRounds "5"]

1. d4 Nf6 2. Nf3 e6 3. Bg5 Be7 4. e3 c5 5. c3 O-O 6. Bd3 b6 7. Nbd2 Bb7 8. Qc2
h6 9. Bh4 Nc6 10. O-O Rc8 11. Qd1 Nh5 12. Ne5 Bxh4 13. Qxh5 Nxe5 14. dxe5 Qg5
15. Qxg5 Bxg5 16. Rad1 Rcd8 17. Nc4 Bd5 18. Nd6 Be7 19. c4 Bxd6 20. exd6 Bc6
21. Rd2 e5 22. Be2 f5 23. f4 Rde8 24. Bf3 Bxf3 25. Rxf3 exf4 26. exf4 Re1+ 27.
Kf2 Rfe8 28. h3 Kf7 29. b3 Kf6 30. Rfd3 R8e4 31. g3 g6 32. h4 Rh1 33. Kf3 Rf1+
34. Rf2 Rfe1 35. Rfd2 h5 36. Rf2 Kf7 37. Rfd2 Re6 38. Rf2 Ke8 39. Rfd2 Kd8 40.
Rb2 R1e4 41. a3 Kc8 42. Rc2 a5 43. Rcd2 Kb7 44. Rc2 Kc6 45. a4 Rd4 46. Rcd2
Rexd6 47. Ke3 Re6+ 48. Kf3 Ree4 49. Rd1 d5 50. cxd5+ Kxd5 51. R1d2 c4 52.
bxc4+ Kxc4 53. Rxd4+ Rxd4 54. Rb2 Kc5 55. Rc2+ Rc4 56. Ra2 Rc3+ 57. Kf2 Kb4
58. Ra1 Rb3 59. Kg2 b5 60. axb5 Kxb5 61. Rd1 Kc5 62. Re1 Rb6 63. Ra1 Ra6 64.
Kf2 Kd4 65. Ra4+ Kc3 66. Kf3 Kb3 67. Rd4 a4 {#R} 0-1

[Event "Hampstead U2200 Feb 2013"]
[Site "Hampstead, London"]
[Date "2013.02.17"]
[Round "5"]
[White "Crichton, Martin"]
[Black "Cavendish, Joshua"]
[Result "1-0"]
[WhiteElo "1962"]
[BlackElo "1654"]
[EventType "swiss"]
[EventRounds "5"]

1. e4 e6 2. d3 d5 3. Nd2 c5 4. Ngf3 Nc6 5. g3 Qc7 6. Bg2 h6 7. O-O Be7 8. c3
Bd7 9. Re1 O-O-O 10. a3 g5 11. exd5 exd5 12. d4 g4 13. Ne5 Nxe5 14. Rxe5 Be6
15. Nf1 Bd6 16. Bf4 Ne7 17. Ne3 Rhg8 18. Nxd5 Nxd5 19. Bxd5 Bxe5 20. Bxe5 Qe7
21. Bxe6+ Qxe6 22. b4 c4 23. b5 h5 24. Qa4 a6 25. Rb1 f6 26. Bf4 Rge8 27. Qb4
axb5 28. Qxb5 Qd5 29. Qa4 b5 30. Qa6+ Kd7 31. Qa7+ Ke6 32. Re1+ Kf5 33. Qh7#
1-0

[Event "Hampstead U2200 Feb 2013"]
[Site "Hampstead, London"]
[Date "2013.02.17"]
[Round "5"]
[White "Oyama, Akito"]
[Black "Price, Andrew"]
[Result "1-0"]
[WhiteElo "1915"]
[BlackElo "1874"]
[EventType "swiss"]
[EventRounds "5"]

1. e4 e6 2. d4 d5 3. Nc3 Nf6 4. Bg5 Be7 5. e5 Nfd7 6. h4 c5 7. Bxe7 Kxe7 8. f4
cxd4 9. Qxd4 Nc6 10. Qd2 a6 11. Nf3 b5 12. O-O-O Nb6 13. Nd4 Nxd4 14. Qxd4 Qc7
15. f5 Nc4 16. Bxc4 Qxc4 17. Qe3 h6 18. Rd4 Qc6 19. f6+ gxf6 20. exf6+ Kd8 21.
Rxd5+ Kc7 22. Rc5 {#r} 1-0

[Event "Hampstead U2200 Feb 2013"]
[Site "Hampstead, London"]
[Date "2013.02.17"]
[Round "5"]
[White "Parry, Jacques"]
[Black "Ignatovic, Ernest"]
[Result "1/2-1/2"]
[WhiteElo "1784"]
[BlackElo "1631"]
[EventType "swiss"]
[EventRounds "5"]

1. d4 Nf6 2. c4 d6 3. Nc3 e5 4. d5 Nbd7 5. e4 Nc5 6. Qc2 a5 7. Be2 Be7 8. f4
exf4 9. Bxf4 Bd7 10. Nf3 O-O 11. O-O Ne8 12. e5 dxe5 13. Bxe5 Bf6 14. Bxf6
Qxf6 15. Bd3 Nxd3 16. Qxd3 Bf5 17. Qd2 Qb6+ 18. Kh1 Nf6 19. Ne5 Bg6 20. Nxg6
hxg6 21. Rae1 Rfe8 22. b3 Rxe1 23. Rxe1 Re8 24. Rxe8+ Nxe8 25. Ne4 Nf6 26. Nc3
Qb4 27. Qd4 b6 28. h3 Qe7 29. Qf2 Qe5 30. Qd2 Nd7 31. Qc2 Nc5 32. Qd2 Kf8 33.
Qc2 Qe1+ 34. Kh2 Qf1 35. Qe2 Qxe2 36. Nxe2 Ke7 37. Kg3 Kd6 38. Kf4 a4 39. Nd4
Nd3+ 40. Ke3 Nc1 41. bxa4 Nxa2 42. Nb5+ Kd7 43. Kd4 Nb4 44. c5 Nc2+ 45. Kc3
Ne3 46. c6+ Kd8 47. d6 cxd6 48. g4 f5 49. Kd4 f4 50. g5 Nc2+ 51. Ke4 Nb4 52.
c7+ Kd7 53. Kxf4 Nd5+ 54. Ke4 Nxc7 55. Nxc7 Kxc7 56. Kd5 Kb7 57. Kxd6 Ka6 58.
Ke7 Ka5 59. Kf7 Kxa4 60. Kxg7 {#d} 1/2-1/2

[Event "Hampstead U2200 Feb 2013"]
[Site "Hampstead, London"]
[Date "2013.02.17"]
[Round "5"]
[White "Walker, Adrian"]
[Black "Ngulube, Michael"]
[Result "1-0"]
[WhiteElo "1866"]
[BlackElo "1666"]
[EventType "swiss"]
[EventRounds "5"]

1. e4 e5 2. Bc4 Nf6 3. d3 Nc6 4. Nf3 d6 5. c3 Be7 6. O-O O-O 7. h3 Na5 8. Bb3
c6 9. Ba4 b5 10. Bc2 h6 11. d4 exd4 12. cxd4 Nc4 13. b3 Nb6 14. Bb2 Nh5 15.
Bc1 Nf6 16. Be3 d5 17. Nbd2 Nh7 18. Ne5 Qc7 19. Rc1 Bd6 20. Nxc6 Qxc6 21. e5
Ba3 22. Bxh7+ {#r} 1-0

[Event "Hampstead U2200 Feb 2013"]
[Site "Hampstead, London"]
[Date "2013.02.17"]
[Round "5"]
[White "Hung, Jake"]
[Black "Pyper, Ramsay"]
[Result "1/2-1/2"]
[WhiteElo "1637"]
[BlackElo "1794"]
[EventType "swiss"]
[EventRounds "5"]

1. c4 e6 2. g3 d5 3. cxd5 exd5 4. d4 Nf6 5. Bg2 Bb4+ 6. Nc3 c6 7. Bd2 Bf5 8.
Nf3 O-O 9. O-O h6 10. a3 Bd6 11. Re1 Nbd7 12. b4 Nb6 13. Qb3 Nc4 14. a4 Qb6
15. b5 Nxd2 16. Nxd2 Qxd4 17. Rad1 Qb4 18. bxc6 bxc6 19. e4 dxe4 20. Ncxe4
Bxe4 21. Bxe4 Nxe4 22. Rxe4 Qxb3 23. Nxb3 Rfd8 24. Rc4 c5 25. Nxc5 Bxc5 26.
Rxd8+ Rxd8 27. Rxc5 Rd7 28. Kf1 Kf8 {#d} 1/2-1/2

[Event "Hampstead U2200 Feb 2013"]
[Site "Hampstead, London"]
[Date "2013.02.17"]
[Round "5"]
[White "Batkin, Cyril"]
[Black "Larios, Rafael"]
[Result "1-0"]
[WhiteElo "1793"]
[BlackElo "1600"]
[EventType "swiss"]
[EventRounds "5"]

1. e4 c5 2. Nf3 g6 3. d4 cxd4 4. Nxd4 Nc6 5. Nc3 Bg7 6. Be3 Nf6 7. Bc4 Qa5 8.
f3 d6 9. Qd2 Nxd4 10. Bxd4 O-O 11. O-O-O Be6 12. Bb3 Bxb3 13. cxb3 e5 14. Be3
Rfd8 15. Bg5 Rd7 16. Kb1 Ne8 17. h4 f6 18. Bh6 Rc8 19. Bxg7 Nxg7 20. f4 exf4
21. Qxf4 Qe5 22. Qxe5 fxe5 23. Nb5 a6 24. Nc3 Ne6 25. Nd5 Rc6 26. Nf6+ {#r}
1-0

[Event "Hampstead U2200 Feb 2013"]
[Site "Hampstead, London"]
[Date "2013.02.17"]
[Round "5"]
[White "Zhou, Yang Jian"]
[Black "Ungaro, Fabio"]
[Result "1/2-1/2"]
[WhiteElo "1619"]
[BlackElo "1700"]
[EventType "swiss"]
[EventRounds "5"]

1. c4 Nf6 2. g3 e6 3. Bg2 d5 4. Nf3 c5 5. O-O Nc6 6. b3 d4 7. Bb2 Bd6 8. e3 e5
9. exd4 exd4 10. Re1+ Be7 11. Ne5 Nxe5 12. Rxe5 O-O 13. d3 Bd6 14. Re1 Rb8 15.
Nd2 Qc7 16. Ne4 Nxe4 17. Bxe4 Bd7 18. Qh5 g6 19. Qh6 Rfe8 20. Bd5 Bc6 21. Bxc6
Qxc6 22. Qd2 b6 23. Rxe8+ Rxe8 24. Re1 Qd7 25. Re2 Re6 26. Qe1 Rxe2 27. Qxe2
Qe7 28. Kf1 Kf8 29. Bc1 Qxe2+ 30. Kxe2 Ke7 31. Kf3 Ke6 32. Bf4 Bxf4 33. Kxf4
Kf6 34. Ke4 Ke6 35. a3 a5 36. g4 f5+ 37. gxf5+ gxf5+ 38. Kf4 Kf6 39. h3 h6 40.
f3 Ke6 41. Kg3 Ke5 42. f4+ Kf6 43. Kh4 Kg6 44. a4 Kf7 45. Kh5 {#d} 1/2-1/2

[Event "Hampstead U2200 Feb 2013"]
[Site "Hampstead, London"]
[Date "2013.02.17"]
[Round "5"]
[White "Hudson, Jeremy"]
[Black "Levy, Chris"]
[Result "0-1"]
[WhiteElo "1594"]
[BlackElo "1802"]
[EventType "swiss"]
[EventRounds "5"]

1. c4 f5 2. Nc3 Nf6 3. g3 e6 4. Bg2 g6 5. d3 Bg7 6. Bd2 Nc6 7. Rb1 O-O 8. b4
d6 9. h4 Ne5 10. Nh3 c6 11. Qc2 Neg4 12. b5 Bd7 13. bxc6 Bxc6 14. Bxc6 bxc6
15. Rb7 Qc8 16. Rxg7+ Kxg7 17. Qc1 c5 18. f3 Qc6 19. Nf4 Rae8 20. Rh3 Ne5 21.
h5 Kf7 22. h6 Ke7 23. Kf2 Kd7 24. Qa3 a6 25. Ng2 Nf7 26. Rh1 Rb8 27. Be3 e5
28. Nh4 Ng4+ 29. fxg4 Qxh1 30. Qxa6 fxg4 31. Ng2 Ng5+ {#R} 0-1

[Event "Hampstead U2200 Feb 2013"]
[Site "Hampstead, London"]
[Date "2013.02.17"]
[Round "5"]
[White "Denney, Simon"]
[Black "Ivanov, George"]
[Result "1/2-1/2"]
[WhiteElo "1674"]
[BlackElo "1786"]
[EventType "swiss"]
[EventRounds "5"]

1. e4 e5 2. f4 exf4 3. Qf3 d6 4. d4 Nc6 5. c3 Be7 6. Bxf4 Nf6 7. Bd3 O-O 8.
Nd2 Bg4 9. Qe3 Nh5 10. Nh3 Bxh3 11. gxh3 Nxf4 12. Qxf4 Bh4+ 13. Kd1 Qg5 14.
Qg4 Qxg4+ 15. hxg4 Rad8 16. Kc2 d5 17. e5 Be7 18. Raf1 f6 19. exf6 Bxf6 20.
Rf3 {#d} 1/2-1/2

[Event "Hampstead U2200 Feb 2013"]
[Site "Hampstead, London"]
[Date "2013.02.17"]
[Round "5"]
[White "Pattni, Kishan"]
[Black "Willmoth, Harrison"]
[Result "1-0"]
[WhiteElo "1728"]
[BlackElo "1602"]
[EventType "swiss"]
[EventRounds "5"]

1. f4 e6 2. Nf3 d5 3. b3 Be7 4. Bb2 Nf6 5. e3 O-O 6. Bd3 Nbd7 7. O-O Re8 8.
Qe1 Nf8 9. Ne5 Bd7 10. Nc3 c6 11. Rf3 Qc7 12. Qg3 Red8 13. Nd1 b6 14. Nf2 c5
15. Nfg4 Nxg4 16. Qxg4 Bf6 17. Raf1 Be8 18. Qh5 g6 19. Qh6 Bg7 20. Qxg7+ Kxg7
21. Ng4+ f6 22. Bxf6+ Kf7 23. Be5 Qb7 24. f5 exf5 25. Bxf5 Ke7 26. Bd3 Nd7 27.
Bf4 Rdc8 28. Bb5 a6 29. Bg5+ Kd6 30. Bf4+ Ke6 31. Be2 b5 32. c4 dxc4 33. bxc4
b4 34. d4 cxd4 35. exd4 Nb6 36. c5 Nd5 37. Bc4 Kd7 38. Bxd5 Qb5 39. Bd6 Ra7
40. Rf7+ Kd8 41. Rxa7 Rb8 42. Be7+ Kc8 43. Be6+ {#r} 1-0

[Event "Hampstead U2200 Feb 2013"]
[Site "Hampstead, London"]
[Date "2013.02.17"]
[Round "5"]
[White "Brozel, Sacha"]
[Black "Jain, Gautam"]
[Result "0-1"]
[WhiteElo "1706"]
[BlackElo "1653"]
[EventType "swiss"]
[EventRounds "5"]

1. d4 f5 2. c4 e6 3. g3 Nf6 4. Nc3 Be7 5. Bg2 O-O 6. e3 d6 7. Nge2 Qe8 8. Nf4
e5 9. Nfd5 Nxd5 10. Nxd5 Bd8 11. O-O c6 12. Nc3 Nd7 13. Qb3 Nf6 14. d5 c5 15.
Nb5 Qe7 16. Qc2 a6 17. Nc3 Qf7 18. Qe2 Bd7 19. Bd2 Ba5 20. a4 Rae8 21. Nd1
Bxd2 22. Qxd2 Qh5 23. Nc3 f4 24. Qe2 Bg4 25. f3 fxg3 26. hxg3 Bd7 27. Rab1 e4
28. fxe4 Qxe2 29. Nxe2 Nxe4 30. Rxf8+ Kxf8 31. b3 Re5 32. Bxe4 Rxe4 33. Kf2
Bg4 34. Rh1 h5 35. Nf4 Kf7 36. Ne6 Bxe6 37. dxe6+ Kg6 38. Rd1 Rxe6 39. Kf3 Kg5
40. Rd5+ Kh6 41. Kf4 Rf6+ 42. Rf5 g5+ 43. Ke4 Rxf5 44. Kxf5 g4 45. e4 a5 46.
Kf4 Kg6 47. Ke3 Kg5 {#R} 0-1

[Event "Hampstead U2200 Feb 2013"]
[Site "Hampstead, London"]
[Date "2013.02.17"]
[Round "5"]
[White "Oyama, Haronobu"]
[Black "Garland Hoff, Florian"]
[Result "1/2-1/2"]
[WhiteElo "1584"]
[BlackElo "1658"]
[EventType "swiss"]
[EventRounds "5"]

1. e4 e5 2. Nf3 Nc6 3. Nc3 Nf6 4. d4 exd4 5. Nxd4 Bb4 6. Nxc6 bxc6 7. Bd3 O-O
8. O-O d5 9. exd5 cxd5 10. Bg5 Be6 11. Qf3 Be7 12. Rfe1 h6 13. Bh4 g5 14. Bg3
Bg4 15. Qe3 Re8 16. Qd4 c5 17. Qa4 c4 18. Be2 Bd7 19. Qa6 Bc8 20. Qa4 Bd7 21.
Qa6 Bc8 22. Qc6 Bd7 23. Qa6 {#d} 1/2-1/2

[Event "Hampstead U2200 Feb 2013"]
[Site "Hampstead, London"]
[Date "2013.02.17"]
[Round "5"]
[White "Pink, Joshua"]
[Black "Koureas, Panicos"]
[Result "1-0"]
[WhiteElo "1808"]
[BlackElo "1437"]
[EventType "swiss"]
[EventRounds "5"]

1. e4 d6 2. d4 Nf6 3. Nc3 c6 4. f4 e6 5. Nf3 Nbd7 6. h3 Be7 7. Be3 O-O 8. Bd3
b5 9. g4 d5 10. e5 Ne8 11. Ng5 h6 12. Nh7 Bh4+ 13. Ke2 b4 14. Na4 Qa5 15. Nxf8
Nxf8 16. Nc5 Nd7 17. Nxd7 Bxd7 18. g5 Bc8 19. gxh6 Ba6 20. Rg1 Bxd3+ 21. Qxd3
Qb5 22. Qxb5 cxb5 23. hxg7 Rc8 24. Kd3 Rc7 25. Rg4 Be7 26. h4 f5 27. Rg6 Bxh4
28. Rh1 Rxg7 29. Rxg7+ Kxg7 30. Rxh4 Nc7 31. Bd2 a5 32. a3 Na6 33. axb4 axb4
34. Rh1 {#r} 1-0

[Event "Hampstead U2200 Feb 2013"]
[Site "Hampstead, London"]
[Date "2013.02.17"]
[Round "5"]
[White "Herschmann, Heinz"]
[Black "Sloan, Cecil"]
[Result "0-1"]
[WhiteElo "1362"]
[BlackElo "1762"]
[EventType "swiss"]
[EventRounds "5"]

1. e4 c5 2. Nf3 g6 3. d3 Bg7 4. c3 Nc6 5. Be2 Nf6 6. h3 d5 7. exd5 Nxd5 8. a3
O-O 9. O-O Qc7 10. Nh2 e5 11. Re1 f5 12. Bf3 Be6 13. c4 Nf6 14. Be3 Nd4 15.
Bxd4 cxd4 16. Qe2 Nd7 17. Qd1 Bf7 18. Nd2 Rad8 19. Be2 Nc5 20. b4 Ne6 21. Qc1
e4 22. Rb1 Bh6 23. Qd1 e3 24. Ndf1 exf2+ 25. Kxf2 Be3+ 26. Nxe3 dxe3+ 27. Kg1
Qg3 28. Rf1 Ng5 29. Kh1 Ne4 30. Qe1 Nf2+ 31. Kg1 Nxh3+ 32. Kh1 Nf2+ 33. Kg1
Rd4 34. Nf3 Rg4 35. Rxf2 exf2+ 36. Qxf2 Qxf2+ 37. Kxf2 Re8 38. Nd4 Rxd4 {#R}
0-1

[Event "Hampstead U2200 Feb 2013"]
[Site "Hampstead, London"]
[Date "2013.02.17"]
[Round "5"]
[White "Klingher, Dominic"]
[Black "Cohen, Meytal"]
[Result "1-0"]
[WhiteElo "1642"]
[BlackElo "1346"]
[EventType "swiss"]
[EventRounds "5"]

1. d4 Nf6 2. c4 Nc6 3. Bf4 d5 4. Nc3 Bf5 5. e3 e6 6. Nf3 Bd6 7. Bg5 Bb4 8.
cxd5 exd5 9. Bb5 Qd6 10. O-O h6 11. Bxf6 gxf6 12. Qb3 O-O-O 13. Bxc6 Bxc3 14.
Qxb7# 1-0

[Event "Hampstead U2200 Feb 2013"]
[Site "Hampstead, London"]
[Date "2013.02.17"]
[Round "5"]
[White "Hung, Dylan"]
[Black "Cork, Dave"]
[Result "1/2-1/2"]
[WhiteElo "1490"]
[BlackElo "1846"]
[EventType "swiss"]
[EventRounds "5"]

1. c4 e5 2. Nc3 Nf6 3. g3 d5 4. cxd5 Nxd5 5. Nxd5 Qxd5 6. Nf3 e4 7. Nh4 e3 8.
Bg2 exf2+ 9. Kxf2 Bc5+ 10. e3 Qd3 11. Rf1 O-O 12. Kg1 Nc6 13. a3 Be6 14. b4
Bb6 15. Bb2 Rad8 16. Bc3 Bxe3+ 17. Kh1 Bxd2 18. Bxd2 Qxd2 19. Qh5 Bd5 20. Rad1
Bxg2+ 21. Nxg2 Qc2 22. b5 Rxd1 23. Rxd1 Ne5 24. Rg1 Qe4 25. Re1 Qa4 26. Qxe5
c6 27. bxc6 Qxc6 28. Qe4 Qa6 29. Qe7 g6 30. h3 Qc6 31. Kh2 Qf3 32. Re3 Qd5 33.
Qe4 Qb5 34. Qb4 Qa6 35. Re1 Rb8 36. a4 b6 37. Re7 Rd8 38. Qb5 Qxb5 39. axb5
Rd5 40. Rxa7 Rxb5 41. Rb7 Rb2 42. Kg1 b5 43. Ne1 b4 44. Kf1 b3 45. Nd3 Rh2 46.
h4 Rd2 47. Rxb3 f5 48. Nf4 Ra2 49. Rb5 Kg7 50. Kg1 Ra6 51. Kg2 h6 52. Kh3 g5
53. hxg5 hxg5 54. Rxf5 gxf4 55. gxf4 Kg6 56. Rg5+ Kf6 57. Kg4 Ra1 58. Kh3 Rf1
59. Kg3 Rg1+ 60. Kh4 Rh1+ 61. Kg4 Rg1+ 62. Kh3 Rxg5 63. fxg5+ Kxg5 {#d}
1/2-1/2